00561nam a22001937a 450000500170000001000150001702000260003203500140005803700090007208200110008110000200009224500620011226000300017427000750020430000200027970000220029970000260032170000200034720240508164551.0 aENG-140195 c450.00a9788119078950 aEN-123727 bDBAD a230.35 aShangari T. R.  aNam Essence Of Spirituality/cBy T. R. Shangari...[et.al] aPunjabbD. K. Sikric2023 aRadha Soami Satsang Beas Dera Baba Jaimal Singh PunjabbPunjabe143204 a360p.c22cm(pb) aKirpal Singh Khak aGurdip Singh Bhandari aManmohan Sehgal